| LEADER | 00464nam a2200181Ia 4500 | ||
|---|---|---|---|
| 001 | CTU_103030 | ||
| 008 | 210402s9999 xx 000 0 und d | ||
| 082 | |a 025.12 | ||
| 082 | |b P123 | ||
| 100 | |a Padfield, Tim | ||
| 245 | 0 | |a Copyright for archivists and users of archives | |
| 245 | 0 | |c Tim Padfield | |
| 260 | |a London | ||
| 260 | |b Facet | ||
| 260 | |c 2005 | ||
| 650 | |a Copyright | ||
| 904 | |i Minh | ||
| 980 | |a Trung tâm Học liệu Trường Đại học Cần Thơ | ||